| 000 | 00573nam a2200229 a 4500 | ||
|---|---|---|---|
| 999 |
_c1917 _d1917 |
||
| 001 | 1917 | ||
| 003 | BD-JhCC | ||
| 005 | 20220623134023.0 | ||
| 008 | 171026s2001 i a|||| ||a| 000 0 eng d | ||
| 020 | _a8187233826 | ||
| 035 | _a(BD-JhCC) 1917 | ||
| 040 |
_aBD-JhCC _dBD-JhCC |
||
| 041 | _aeng | ||
| 082 |
_a823.912 _bDEF 2001 |
||
| 100 | _aDefoe, Dniel | ||
| 245 |
_aThe Adventures of Robinson Crusoe / _cDaniel Defoe |
||
| 260 |
_aIndia : _bInfinity , _c2001 |
||
| 300 |
_a263 p .: _c22 cm . |
||
| 650 | _aAdventures stories | ||
| 942 |
_2ddc _cBK _07 |
||